| 000 | 00519nam 22001693 4500 | ||
|---|---|---|---|
| 001 | 200789 | ||
| 090 | _a200789 | ||
| 100 | _a20260226 pory50 | ||
| 200 |
_aIntrodução ao estudo da casa romana _fJorge de Alarcão |
||
| 210 |
_aCoimbra _cInstituto de Arqueologia, Faculdade de Letras de Coimbra _d1985 |
||
| 215 |
_a75 p. _cbrochado _d24 cm |
||
| 606 |
_94600 _aArquitetura |
||
| 675 |
_a72 _vPT _zpor |
||
| 700 |
_94684 _aAlarcão _bJorge de _f1934- |
||
| 801 |
_aPT _bBMMN _gRPC |
||
| 830 |
_cFernando _fFernando |
||
| 990 | _cLIVROS | ||